5HLuxD.jpg

KING HENRY VIII SENIOR AND PRIMARY SCHOOL LIBRARY OPAC

Cristiano Ronaldo / (Record no. 480)

000 -LEADER
fixed length control field 01323nam a22002297a 4500
005 - DATE AND TIME OF LATEST TRANSACTION
control field 20190816091210.0
008 - FIXED-LENGTH DATA ELEMENTS--GENERAL INFORMATION
fixed length control field 190816b ||||| |||| 00| 0 eng d
020 ## - INTERNATIONAL STANDARD BOOK NUMBER
International Standard Book Number 9781445153216
040 ## - CATALOGING SOURCE
Transcribing agency KH8
082 ## - DEWEY DECIMAL CLASSIFICATION NUMBER
Classification number 796.334 APP
100 ## - MAIN ENTRY--PERSONAL NAME
Personal name Apps, Roy
245 ## - TITLE STATEMENT
Title Cristiano Ronaldo /
Statement of responsibility, etc. Roy Apps; illustrated by Alessandro Valdrighi
260 ## - PUBLICATION, DISTRIBUTION, ETC.
Place of publication, distribution, etc. London :
Name of publisher, distributor, etc. Franklin Watts,
Date of publication, distribution, etc. 2018. ©2018.
300 ## - PHYSICAL DESCRIPTION
Extent 47 pages :
Other physical details colour illustrations ;
Dimensions 20 cm.
440 ## - SERIES STATEMENT/ADDED ENTRY--TITLE
Title Sporting heroes
440 ## - SERIES STATEMENT/ADDED ENTRY--TITLE
Title Edge
520 ## - SUMMARY, ETC.
Summary, etc. This inspirational biography for children, written by award-winning author Roy Apps, follows the amazing story of Cristiano Ronaldo from his first street kickabout in Funchal, Maderia, to playing for Manchester Utd and Real Madrid. Illustrated with colour artwork by Alessandro Valdrighi, including graphic novel-style panels, this book is perfect for sport-mad girls and boys. Printed on off-white paper using a reading font approved by the British Dyslexia Association, the Sporting Heroes series brings to life the skill, grit and determination needed to be a world-class sportsperson today.
650 ## - SUBJECT ADDED ENTRY--TOPICAL TERM
Topical term or geographic name entry element Ronaldo, Cristiano, 1985
Form subdivision Juvenile literature.
650 ## - SUBJECT ADDED ENTRY--TOPICAL TERM
Topical term or geographic name entry element Soccer players
Form subdivision Juvenile literature.
General subdivision Biography
Geographic subdivision Portugal
700 ## - ADDED ENTRY--PERSONAL NAME
Personal name Valdrighi, Alessandro
Relator term Illustrator
942 ## - ADDED ENTRY ELEMENTS (KOHA)
Source of classification or shelving scheme
Koha item type Books - Non Ficton
Holdings
Withdrawn status Lost status Source of classification or shelving scheme Damaged status Not for loan Collection code Permanent Location Current Location Shelving location Date acquired Full call number Barcode Date last seen Price effective from Koha item type
          Non-Fiction KH8 Senior School Library KH8 Senior School Library Non Fiction 2019-08-16 796.334 APP 3KHSL000100076 2019-08-16 2019-08-16 Books - Non Ficton

Powered By KH8 IT Dept